Modern - Worlds Most War Torn Countries - Statistics

General Stats
  • This quiz has been taken 201 times
  • The average score is 10 of 15
Answer Stats
Conflict Related Fatalities Country % Correct
23,898 Iraq
95%
49,742 Syria
93%
23,539 Afghanistan
90%
3,891 Sudan
78%
5,575 Somalia
72%
1,375 Yemen
71%
1,803 Pakistan
69%
3,544 South Sudan
68%
1,565 Dem. Rep. Congo
67%
2,865 Libya
64%
902 Ukraine
56%
4,684 Nigeria
53%
1,707 Egypt
49%
1,114 Ethiopia
47%
12,224 Mexico
41%
No matching quizzes found
Score Distribution
Percent of People with Each Score
Percentile by Number Answered
Your Score History
You have not taken this quiz